[Event "Ruhrgebiet Verbandsklasse Gruppe 2 1516"]
[Site "Germany"]
[Date "2015.12.20"]
[Round "5.5"]
[White "Przygodda, Oskar"]
[Black "Wloka, Sebastian"]
[Result "0-1"]
[WhiteElo "1694"]
[BlackElo "1861"]
[PlyCount "98"]
[EventDate "2015.09.06"]
[EventType "team-tourn"]
[EventRounds "9"]
[EventCountry "GER"]
[SourceTitle "EXT 2022"]
[Source "ChessBase"]
[SourceDate "2021.10.06"]
[SourceVersion "1"]
[SourceVersionDate "2021.10.06"]
[SourceQuality "1"]
[WhiteTeam "Gladbeck SG II"]
[BlackTeam "Eichlinghofen SV"]
[WhiteTeamCountry "GER"]
[BlackTeamCountry "GER"]

1. d4 d5 2. c4 e6 3. Nc3 c6 4. cxd5 exd5 5. Nf3 Bf5 6. e3 Bd6 7. Bd3 Bxd3 8. Qxd3 Nf6 9. 0-0 0-0 10. e4 dxe4 11. Nxe4 Nxe4 12. Qxe4 Re8 13. Qc2 h6 14. Bd2 Na6 15. Rfe1 Nc7 16. Rxe8+ Qxe8 17. Re1 Ne6 18. Qf5 Qd7 19. Be3 Rd8 20. Qg4 Ng5 21. Qh5 Nxf3+ 22. Qxf3 Qc7 23. g3 Qa5 24. Ra1 Be7 25. a3 Bf6 26. b4 Qa4 27. Qd1 Qb5 28. Rc1 Qd5 29. Qe2 Qb3 30. Ra1 Qc3 31. Qa2 a6 32. Rd1 Bxd4 33. a4 Qxb4 34. Rb1 Qe7 35. Bxd4 Rxd4 36. Qb2 Rd7 37. a5 c5 38. Qc3 Qe4 39. Rc1 Rc7 40. Re1 Qc6 41. Rd1 b5 42. Rd8+ Kh7 43. Qd3+ Qg6 44. Qd5 Rc6 45. f4 c4 46. Qd7 Qe6 47. Qd2 c3 48. Qc2+ f5 49. Rd4 Qe3+ 0-1